| 000 | 01459nam a2200361Ia 4500 | ||
|---|---|---|---|
| 001 | ebr10224773 | ||
| 003 | CaPaEBR | ||
| 006 | m u | ||
| 007 | cr cn||||||||| | ||
| 008 | 030225s2004 enka sb 001 0 eng d | ||
| 010 | _z 2003043955 | ||
| 020 | _z9780826458704 | ||
| 020 | _z9781847144041 | ||
| 020 | _z082645870X | ||
| 040 |
_aCaPaEBR _cCaPaEBR |
||
| 035 | _a(OCoLC)614499933 | ||
| 050 | 1 | 4 |
_aP118 _b.H297 2004eb |
| 082 | 0 | 4 |
_a401/.93 _221 |
| 100 | 1 |
_aHalliday, M. A. K. _q(Michael Alexander Kirkwood), _d1925- |
|
| 245 | 1 | 4 |
_aThe language of early childhood _h[electronic resource] / _cM.A.K. Halliday ; edited by Jonathan Webster. |
| 260 |
_aLondon ; _aNew York : _bContinuum, _c2004. |
||
| 300 |
_axiii, 415 p. : _bill. |
||
| 490 | 1 |
_aCollected works of M.A.K. Halliday ; _vv. 4 |
|
| 504 | _aIncludes bibliographical references (p. 373-381) and index. | ||
| 533 |
_aElectronic reproduction. _bPalo Alto, Calif. : _cebrary, _d2009. _nAvailable via World Wide Web. _nAccess may be limited to ebrary affiliated libraries. |
||
| 650 | 0 | _aLanguage acquisition. | |
| 650 | 0 | _aPsycholinguistics. | |
| 655 | 7 |
_aElectronic books. _2local |
|
| 700 | 1 |
_aWebster, Jonathan, _d1955- |
|
| 710 | 2 | _aebrary, Inc. | |
| 800 | 1 |
_aHalliday, M. A. K. _q(Michael Alexander Kirkwood), _d1925- _tWorks. _f2002 ; _vv. 4. |
|
| 856 | 4 | 0 |
_uhttp://site.ebrary.com/lib/rucke/Doc?id=10224773 _zAn electronic book accessible through the World Wide Web; click to view |
| 999 |
_c40559 _d40559 |
||